Human Aspects in Post-Acquisition Integration of Companies
Salvato in:
| Autore principale: | |
|---|---|
| Altri autori: | , |
| Natura: | Libro |
| Lingua: | inglese |
| Pubblicazione: |
České Budějovice
Vysoká škola evropských a regionálních studií
2020
|
| Edizione: | 1. vydání |
| Soggetti: | |
| Tags: |
Nessun Tag, puoi essere il primo ad aggiungerne!!
|
MARC
| LEADER | 00000nam a2200000 4500 | ||
|---|---|---|---|
| 001 | 0270809 | ||
| 005 | 20240502083816.3 | ||
| 020 | |a 978-80-7556-076-6 | ||
| 041 | 0 | |a eng | |
| 044 | |a CZ | ||
| 245 | 1 | 0 | |a Human Aspects in Post-Acquisition Integration of Companies |c Anna Polednáková ; Reviewers: Elena Fetisovová, Marta Matulčíková |
| 250 | |a 1. vydání | ||
| 264 | 1 | |a České Budějovice |b Vysoká škola evropských a regionálních studií |c 2020 | |
| 300 | |a 54 s. [3 AH] | ||
| 610 | 2 | 0 | |a integrácia |
| 610 | 2 | 0 | |a akvizícia |
| 610 | 2 | 0 | |a firmy |
| 610 | 2 | 0 | |a manažment |
| 610 | 2 | 0 | |a fúzie |
| 610 | 2 | 0 | |a politika |
| 610 | 2 | 0 | |a kultúra |
| 610 | 2 | 0 | |a zdroje ľudské |
| 100 | 1 | |a Polednáková, Anna, 1957- | |
| 700 | 1 | |a Fetisovová, Elena | |
| 700 | 1 | |a Matulčíková, Marta, 1964- | |